000 00816nam a2200253 i 4500
001 bg
003 BPK
005 20210406114556.0
008 061218s1972 pl a f |000 0 pol
015 _aPB 1973/2309
040 _aWA N
_cBPK
080 _a532
080 _a(075.8+076)
100 1 _aRumianowski, Adam
_eAutor
245 1 0 _aZbiór zadań z mechaniki płynów :
_bz rozwiązaniami /
_cAdam Rumianowski ; Politechnika Gdańska.
250 _aWyd. 2.
260 _aGdańsk :
_bPolitechnika Gdańska,
_c1972.
300 _a335 s. :
_bil. ;
_c23 cm.
504 _aBibliogr.
655 4 _aĆwiczenia i zadania dla szkół wyższych
650 4 _aMechanika płynów
856 _uhttp://koha.tu.koszalin.pl/cgi-bin/koha/opac-detail.pl?biblionumber=1015
_yKatalog online BPK
942 _2UKD
_cKS
999 _c1015
_d1015